| 000 | 01192nam a2200277Ia 4500 | ||
|---|---|---|---|
| 999 |
_c54886 _d54886 |
||
| 001 | 21955 | ||
| 003 | GE_BSU | ||
| 005 | 20220909143912.0 | ||
| 008 | 181216s ||||ge |||||||||||||| ||geo|| | ||
| 020 | _a9789941102004 | ||
| 040 | _cGE_BSU | ||
| 041 | _ageo | ||
| 080 | _a81'374.223=353.1 ს-56 | ||
| 100 |
_aსიხარულიძე, ავთანდილ _914574 |
||
| 245 |
_aქართული ენის ომონიმთა ლექსიკონი / _c ავთანდილ სიხარულიძე ; რედ. ზურაბ სარჯველაძე. |
||
| 250 | _aმე-2 შევსებული გამოცემა | ||
| 264 |
_aთბილისი : _bმერიდიანი, _c2010. |
||
| 300 |
_a456 გვ. ; _c25 სმ. |
||
| 504 | _aბიბლიოგრ. გვ. : 441-454 | ||
| 541 | _h25ლ. | ||
| 653 | _aლექსიკონი | ||
| 653 | _aქართული ენა | ||
| 653 | _aქართული ენის ომონიმთა ლექსიკონი | ||
| 700 |
_aსარჯველაძე, ზურაბ _eრედაქტორი _914575 |
||
| 942 |
_cBK _2udc |
||